Conceptos fundamentales de la teología / (Record no. 65576)

MARC details
000 -LEADER
campo de control de longitud fija 00933nam a2200241 i 4500
001 - NÚMERO DE CONTROL
campo de control 65576
003 - IDENTIFICADOR DE NÚMERO DE CONTROL
campo de control ES-MaACL
005 - FECHA Y HORA DE LA ÚLTIMA TRANSACCIÓN
campo de control 20250801201857.0
007 - CAMPO FIJO DE DESCRIPCIÓN FÍSICA--INFORMACIÓN GENERAL
campo de control de longitud fija t|
008 - DATOS DE LONGITUD FIJA--INFORMACIÓN GENERAL
campo de control de longitud fija 040116s1966 sp ||||1| spa d
080 ## - NÚMERO DE LA CLASIFICACIÓN DECIMAL UNIVERSAL
Número de la Clasificación Decimal Universal 2(082)
100 1# - ENTRADA PRINCIPAL--NOMBRE DE PERSONA
Nombre de persona Fries, Heinrich.
9 (RLIN) 52661
245 10 - MENCIÓN DEL TÍTULO
Título Conceptos fundamentales de la teología /
Mención de responsabilidad, etc. dirigido por Heinrich Fries ; [lo tradujeron al castellano un grupo de profesores bajo la dirección de Alfonso de la Fuente Adanez].
260 ## - PUBLICACIÓN, DISTRIBUCIÓN, ETC.
Lugar de publicación, distribución, etc. Madrid :
Nombre del editor, distribuidor, etc. Cristiandad,
Fecha de publicación, distribución, etc. 1966.
300 ## - DESCRIPCIÓN FÍSICA
Extensión 4 v. ;
Dimensiones 22 cm.
490 1# - MENCIÓN DE SERIE
Mención de serie Teología y Siglo XX ;
Designación de volumen o secuencia 8
505 8# - NOTA DE CONTENIDO CON FORMATO
Nota de contenido con formato Contiene:1. Adán-Escritura -- 2. Esperanza-mediador -- 3. Meditación-Protestantismo -- 4. Rendención-virtud
650 07 - PUNTO DE ACCESO ADICIONAL DE MATERIA--TÉRMINO DE MATERIA
Término de materia o nombre geográfico como elemento de entrada Teología
Fuente del encabezamiento o término embne
9 (RLIN) 17457
700 0# - ENTRADA AGREGADA--NOMBRE PERSONAL
Nombre de persona Fuente Adánez, Alfonso de la.
9 (RLIN) 52860
830 0# - PUNTO DE ACCESO ADICIONAL DE SERIE-TÍTULO UNIFORME
Título uniforme Teología y Siglo XX ;
Designación de volumen o secuencia 8
9 (RLIN) 191015
852 ## - LOCALIZACIÓN
Ubicación ES-MaACL
Número de control de estantería E-15420-23
Sublocalización o colección R.61618
Encuadernación P-1144
Holdings
Estatus retirado Estado de pérdida Estado de daño No para préstamo Biblioteca de origen Biblioteca actual Ubicación en estantería Fecha de adquisición Fuente de adquisición Total de préstamos Signatura topográfica completa Código de barras Visto por última vez Precio de reemplazo Tipo de ítem Koha
        Biblioteca del Ateneo de Madrid Biblioteca del Ateneo de Madrid Depósito 2 17/01/2008     E-15420-23 1068704 23/02/2023 23/02/2023 Libro impreso